000 00878nam a2200229 i 4500
001 155202
003 ES-MaACL
005 20231227062622.0
008 000208s1883 sp |||| | spa d
040 _aCCPB | B
_bspa
_cCCPB | B
080 _a821.112.2-14"18"
100 1 _aHeine, Heinrich.
_962371
245 1 0 _aPoemas y fantasías /
_cde Enrique Heine ; traducción en verso castellano de José J. Herrero ; con un prólogo de Marcelino Menéndez y Pelayo.
260 _aMadrid :
_bLuis Navarro,
_c1883 (
_fImp. Central a cargo de V. Sainz)
300 _aXXXI, 311 p. ;
_c18 cm.
490 1 _aBiblioteca clásica ;
_v61
700 1 _aHerrero y Sánchez, José Joaquín.
_963269
700 1 _aMenéndez y Pelayo, Marcelino,
_d1856-1912
_980332
830 0 _aBiblioteca clásica ;
_v61
_9180370
852 _aES-MaACL
_jF-13086
_z- Enc. tela
999 _c155202
_d155202